000 00489nam a2200181Ia 4500
005 20250508151438.0
008 008 250505s9999 xx 000 0 eng d
037 _aTextual
040 _aFEDL
_beng
_cFEDL
041 _aeng
_2eng
084 _a707, RUS
_qFEDL
100 _aRussell Mable
_991470
245 0 _aArt education for daily living
260 _aPeoria
_bChas A Bennett Company
_c1946
300 _a248p
942 _cTEXL
_h707, RUS
999 _c1329847
_d1329847